000 00318nam a22001457a 4500
008 210302b ||||| |||| 00| 0 eng d
020 _a9781599700724
041 _aalb
080 _a159.9
082 _a159.9
100 _a48
101 _aPSI
245 _aRruga drejt Lumturise
_cHubbard, L. R
942 _2udc
_cBK
999 _c55510
_d55510